[Event "Benasque op 18th"]
[Site "Benasque"]
[Date "1998.??.??"]
[Round "?"]
[White "Westerinen, Heikki MJ"]
[Black "Bosch Porta, David"]
[Result "1-0"]
[WhiteElo "2410"]
[BlackElo "2235"]
[PlyCount "51"]
[EventDate "1998.07.??"]
[EventType "swiss"]
[EventRounds "9"]
[EventCountry "ESP"]
[SourceTitle "EXT 2002"]
[Source "ChessBase"]
[SourceDate "2001.11.25"]
[SourceVersion "1"]
[SourceVersionDate "2001.11.25"]
[SourceQuality "1"]

1. e4 Nc6 2. Nc3 e6 3. d4 Bb4 4. Nge2 d6 5. a3 Bxc3+ 6. Nxc3 e5 7. dxe5 Nxe5 8. f4 Ng6 9. Be2 Nf6 10. 0-0 0-0 11. Qd4 Bg4 12. Bd3 Bd7 13. b3 Re8 14. Bb2 Bc6 15. Nd5 Bxd5 16. exd5 Qd7 17. Rf3 c5 18. dxc6 bxc6 19. Raf1 Re7 20. Rg3 c5 21. Qc4 Ne8 22. Qd5 Rb8 23. f5 Ne5 24. f6 c4 25. fxe7 cxd3 26. Bxe5 1-0